000 00509nam a2200229 a 4500
001 3201
005 20140414131912.0
008 040201s19uu xx 00 eng d
050 _aER
_bT14 1994
100 _aConnelly, Neil
245 _aA Tale told twice /
_cNeil Connelly.
260 _bOttenheimer,
_c1994.
300 _ap. ; cm.
999 _c111266
_d111266